000 00340nam a22001457a 4500
008 230907b ||||| |||| 00| 0 eng d
020 _a088202048
041 _aeng
080 _a101
082 _a101STE
100 _a44
101 _aFILOZ
245 _aTHE DEVELOPMENT OF NEWTONIAN OPTICS IN ENGLAND
_cSTEFFENS .J.H
942 _2udc
_cBK
999 _c60296
_d60296